[Event "Invitation"]
[Site "http://www.queenalice.com/game.php?id=1289006"]
[Date "2014.6.17"]
[Round "-"]
[White "guime1"]
[Black "albuquerque_d"]
[Result "1-0"]
[WhiteElo "1100"]
[BlackElo "1500"]

1. e4 Nf6 2. Nc3 Nc6 3. Qe2 Nd4 4. Qd3 c5 5. a3 c4 6. Qxd4 Qc7 7. Bxc4 Qd6 8.
Nge2 Qxd4 9. Nxd4 b6 10. Ncb5 Kd8 11. e5 Ne4 12. Bd5 Bb7 13. Bxb7 Rc8 14. Bxe4
Rc4 15. c3 Rc5 16. Nxa7 Rxe5 17. d3 f5 18. Nxf5 d5 19. Nc6+ Ke8 20. Nxe5 dxe4
21. dxe4 e6 22. Nd4 Be7 23. a4 Bf6 24. Nec6 e5 25. Ne6 Kd7 26. Bg5 Bxg5 27. Nxg5
Kxc6 28. a5 Ra8 29. Nxh7 bxa5 30. O-O Kb5 31. f4 Rh8 32. Ng5 Rh4 33. Nh3 g5 34.
f5 g4 35. Ng5 Rh6 36. f6 Rxf6 37. Rxf6 g3 38. hxg3 Kc4 39. Ra4+ Kc5 40. Ne6+ Kb5
41. b3 Kb6 42. Nd8+ Kc7 43. Rxa5 Kxd8 44. Ra7 Ke8 45. Rff7 Kd8 46. Rf8# 1-0

[Event "Invitation"]
[Site "http://www.queenalice.com/game.php?id=1290089"]
[Date "2014.6.23"]
[Round "-"]
[White "guime1"]
[Black "albuquerque_d"]
[Result "1-0"]
[WhiteElo "1100"]
[BlackElo "1500"]

1. e4 Nf6 2. Nc3 e6 3. Nb5 Nxe4 4. d3 Ng5 5. Bd2 Qf6 6. Qc1 Qe5+ 7. Kd1 Qf5 8.
Nxc7+ Kd8 9. Nxa8 Qd5 10. Bxg5+ Be7 11. Nh3 b6 12. Bf4 Qxa8 13. Be2 Qxg2 14. Ng5
Qxh1+ 15. Kd2 Qg2 16. Nxf7+ Ke8 17. Nxh8 Bg5 18. Kc3 Qc6+ 19. Kb3 Qb5+ 20. Kc3
Bf6+ 21. d4 Qxe2 22. Bxb8 g6 23. a4 Bxh8 24. a5 Qf3+ 25. Kd2 Qxf2+ 26. Kc3 Qxd4+
27. Kb3 Qd5+ 28. c4 Qb7 29. Bg3 bxa5+ 30. Kc2 Qe4+ 31. Kb3 Qd3+ 32. Ka2 a4 33.
Be1 a3 34. Bc3 Ba6 35. Qd1 Bxc4+ 36. Kxa3 Bxc3 37. Qxd3 Bxd3 38. bxc3 e5 39. Kb2
a6 40. Kc1 d5 41. Kd2 Bb5 42. Ra5 Bc4 43. Rc5 Bb3 44. Rc8+ Kd7 45. Ra8 Bc4 46.
Ra7+ Ke6 47. Rxh7 g5 48. Ke3 Kf5 49. Rf7+ Kg6 50. Re7 d4+ 51. Ke4 dxc3 52. Rc7
Be2 53. Rxc3 g4 54. Rc2 Bf3+ 55. Kxe5 Kg5 56. Rc8 Kh4 57. Rh8+ Kg5 58. h4+ gxh3
59. Rxh3 Kg4 60. Rh8 a5 61. Rg8+ Kh4 62. Kf4 Bg2 63. Rh8# 1-0

[Event "OS INCLIVEIS"]
[Site "http://www.queenalice.com/game.php?id=1290105"]
[Date "2014.6.23"]
[Round "-"]
[White "adelio"]
[Black "guime1"]
[Result "1-0"]
[WhiteElo "1776"]
[BlackElo "1095"]

1. d4 Nf6 2. c4 g5 3. Nc3 Bg7 4. e4 d6 5. Be2 e6 6. Bxg5 c6 7. Nf3 h6 8. Bxf6
Bxf6 9. h4 Qa5 10. h5 Nd7 11. Nh4 b5 12. cxb5 Nb8 13. Kf1 cxb5 14. Nxb5 Nc6 15.
Nxd6+ Kd7 16. e5 Be7 17. Nxf7 Rh7 18. Nd6 Ba6 19. Ng6 Bd8 20. Nf8+ Ke7 21. Nxh7
Bc7 22. Rc1 Qb6 23. Kg1 Rg8 24. Nf6 Bxd6 25. Nxg8+ Kf7 26. Nxh6+ Kg7 27. exd6
Kxh6 28. Qd2+ Kg7 29. Qg5+ Kf7 30. Qg6+ Kf8 31. Qf6+ Ke8 32. Qxe6+ Kd8 33. Qg8+
Kd7 34. Bg4+ Kxd6 35. Qe6+ Kc7 36. Qd7+ Kb8 37. Rxc6 Qb7 38. Qd6+ Ka8 39. Qd8+
Qb8 40. Qxb8+ Kxb8 41. Rxa6 Kb7 42. Be2 Kc7 43. Rh4 Kb7 44. Rf4 Ka8 45. Rf7 Kb8
46. Rfxa7 Kc8 47. Bf3 Kb8 48. Rb7+ Kc8 49. Ra8# 1-0

[Event "Challenge"]
[Site "http://www.queenalice.com/game.php?id=1290529"]
[Date "2014.6.26"]
[Round "-"]
[White "Petrucio"]
[Black "guime1"]
[Result "1-0"]
[WhiteElo "1161"]
[BlackElo "1100"]

1. Nc3 e5 2. Ne4 g6 3. e3 Be7 4. Nh3 b6 5. g4 Bb7 6. Bc4 Bxe4 7. Rg1 Nc6 8. g5
h6 9. Qg4 hxg5 10. Qxe4 Rxh3 11. Qd5 Nf6 12. Qxf7# 1-0

[Event "Invitation"]
[Site "http://www.queenalice.com/game.php?id=1292060"]
[Date "2014.7.2"]
[Round "-"]
[White "albuquerque_d"]
[Black "guime1"]
[Result "1-0"]
[WhiteElo "1500"]
[BlackElo "1100"]

1. h4 e6 2. Rh3 Be7 3. Rg3 g6 4. Nf3 d6 5. Nc3 h6 6. Nb5 a6 7. Nbd4 g5 8. hxg5
hxg5 9. Rh3 Nh6 10. d3 g4 11. Rxh6 Rxh6 12. Bxh6 gxf3 13. Nxf3 c6 14. Qd2 d5 15.
Ng5 Bd6 16. Qc3 Bc7 17. Qg7 Kd7 18. Qxf7+ Qe7 19. g3 Qxf7 20. Nxf7 Ke7 21. Ng5
Nd7 22. O-O-O Kf6 23. Nf3 Bd8 24. Bg5+ Kf7 25. Bxd8 b5 26. Ng5+ Ke8 27. Nxe6 Nf8
28. Nc7+ Kxd8 29. Nxa8 Nd7 30. Bh3 Bb7 31. Bxd7 Kxd7 32. Nb6+ Kd6 33. g4 Kc5 34.
Nd7+ Kd6 35. Nf8 Bc8 36. g5 Bf5 37. Rg1 Ke7 38. Nd7 Kxd7 39. g6 Be6 40. g7 Ke7
41. g8=Q Bxg8 42. Rxg8 Kd7 43. Rg6 Kc7 44. c3 Kb6 45. b3 Kc7 46. c4 dxc4 47.
dxc4 bxc4 48. bxc4 Kd7 49. f3 Ke7 50. Rxc6 Kd7 51. Rxa6 Ke7 52. c5 Kd7 53. f4
Kc7 54. f5 Kb7 55. Rb6+ Kc7 56. f6 Kc8 57. f7 Kd8 58. f8=Q+ Kd7 59. Qf7+ Kd8 60.
Rb8# 1-0

[Event "Challenge"]
[Site "http://www.queenalice.com/game.php?id=1293452"]
[Date "2014.7.8"]
[Round "-"]
[White "TammieM3ENF"]
[Black "guime1"]
[Result "0-1"]
[WhiteElo "992"]
[BlackElo "1062"]

1. f4 h6 2. g4 c6 3. f5 b6 4. h4 Bb7 5. g5 hxg5 6. hxg5 Rxh1 7. Nf3 e6 8. fxe6
dxe6 9. a4 c5 10. b3 Qd7 11. c4 e5 12. Nxe5 Qh3 13. Kf2 Qh4+ 14. Ke3 Qxg5+ 15.
Kd3 Qxe5 16. Nc3 Qd4+ 17. Kc2 Qf2 18. d3 Rxf1 19. Qxf1 Qxf1 20. Bb2 Qf2 21. Rd1
Nc6 22. Bc1 Nd4+ 23. Kb2 Nxe2 24. Nxe2 Qxe2+ 25. Rd2 Qe3 26. Rc2 Qxd3 27. b4 g6
28. bxc5 bxc5 29. Bd2 Bg7+ 30. Bc3 Bd4 31. Bxd4 Qxd4+ 32. Kb3 Qd3+ 33. Rc3 Qb1+
34. Ka3 Rc8 35. Rb3 Qc1+ 36. Rb2 Qc3+ 37. Ka2 Qxc4+ 38. Ka1 Qxa4+ 39. Ra2 Qxa2+
40. Kxa2 c4 41. Kb2 c3+ 42. Kc1 c2 43. Kb2 c1=Q+ 44. Kb3 Bd5+ 45. Ka4 Rb8 46.
Ka5 Qa1# 0-1

[Event "OS INCLIVEIS"]
[Site "http://www.queenalice.com/game.php?id=1293864"]
[Date "2014.7.10"]
[Round "-"]
[White "guime1"]
[Black "adelio"]
[Result "0-1"]
[WhiteElo "1060"]
[BlackElo "1744"]

1. e4 g6 2. c3 c5 3. b3 Nc6 4. Bb2 e5 5. Nf3 d6 6. d4 Bg4 7. h3 Bxf3 8. gxf3 Nf6
9. Bg2 Nh5 10. dxe5 Nxe5 11. Na3 Nf4 12. Qd5 Nxg2+ 13. Ke2 Nf4+ 14. Ke1 Nxf3+
15. Kf1 Nxd5 16. exd5 Qe7 17. c4 Rg8 18. Nc2 Kd7 19. Ne1 Nd2+ 20. Kg2 Qe4+ 21.
f3 Qe2+ 22. Kg3 Bh6 23. Rh2 Nf1+ 24. Kg4 Nxh2+ 25. Kg3 Qxb2 26. Rd1 Qe5+ 27. Kf2
Qe3+ 28. Kg2 Qe2+ 29. Kg3 Nf1+ 30. Kg4 f5+ 31. Kh4 Qe7# 0-1

[Event "Invitation"]
[Site "http://www.queenalice.com/game.php?id=1294741"]
[Date "2014.7.14"]
[Round "-"]
[White "guime1"]
[Black "albuquerque_d"]
[Result "1-0"]
[WhiteElo "1060"]
[BlackElo "1493"]

1. a3 e6 2. c3 Qf6 3. Nh3 Nh6 4. Qc2 Ng4 5. f3 Ne5 6. d4 Nc4 7. g3 Qg6 8. Qd1
Bd6 9. e3 O-O 10. Bd3 Bxg3+ 11. Kf1 Qh6 12. hxg3 Nxe3+ 13. Bxe3 Qxe3 14. Qc2
Qxf3+ 15. Nf2 b6 16. Bxh7+ Kh8 17. Bg8+ Qxh1+ 18. Nxh1 Kxg8 19. Qe4 Bb7 20. Qxb7
Nc6 21. Nd2 a6 22. Qxc7 Ra7 23. Qf4 Re8 24. Nf3 f6 25. Nh4 e5 26. Qf5 exd4 27.
Qh5 Re5 28. Qg4 Rg5 29. Qh3 d3 30. Re1 d2 31. Rd1 Rd5 32. Qg2 g5 33. Qxd5+ Kf8
34. Ng6+ Ke8 35. Rxd2 d6 36. Qxd6 Rg7 37. Qxc6+ Kf7 38. Nh8+ Kg8 39. Rd8+ Kh7
40. Qxf6 Rg8 41. Rd7+ Rg7 42. Rxg7+ Kxh8 43. Rxg5+ Kh7 44. Qg6+ Kh8 45. Rh5# 1-0

[Event "Challenge"]
[Site "http://www.queenalice.com/game.php?id=1296448"]
[Date "2014.7.22"]
[Round "-"]
[White "albuquerque_d"]
[Black "guime1"]
[Result "1-0"]
[WhiteElo "1493"]
[BlackElo "1060"]

1. e3 Nc6 2. h4 Nf6 3. b3 d6 4. h5 Bg4 5. Be2 Qc8 6. h6 gxh6 7. Bb2 e5 8. Rh4
Rg8 9. f3 Bh5 10. f4 Rxg2 11. Bxh5 Rxg1+ 12. Kf2 Rxd1 13. Bxd1 Ne4+ 14. Kf3 Be7
15. Rxh6 Nf6 16. fxe5 dxe5 17. Na3 e4+ 18. Kg2 Qf5 19. Rh4 Ng8 20. Rf4 Qg5+ 21.
Rg4 Qd5 22. Rxg8+ Bf8 23. Bg7 Ke7 24. Bh6 Qe5 25. d4 Qh5 26. Bxh5 Rb8 27. Bxf8+
Rxf8 28. Rxf8 Kxf8 29. Rf1 Nd8 30. Nc4 Kg7 31. Ne5 f6 32. Nd7 Kh6 33. Nxf6 Ne6
34. Bf7 Nxd4 35. exd4 e3 36. Rf3 e2 37. Kf2 e1=Q+ 38. Kxe1 Kg5 39. Nh5 Kg4 40.
Rf4+ Kh3 41. Be6+ Kg2 42. Bg4 Kh1 43. Rf2 b5 44. Ng3+ Kg1 45. Ne2+ Kh1 46. Bf3#
1-0

[Event "Challenge"]
[Site "http://www.queenalice.com/game.php?id=1296971"]
[Date "2014.7.24"]
[Round "-"]
[White "albuquerque_d"]
[Black "guime1"]
[Result "1-0"]
[WhiteElo "1493"]
[BlackElo "1060"]

1. Nc3 g6 2. Nf3 e6 3. h4 c6 4. Rh3 Qb6 5. Ne4 f5 6. Nc3 Qc7 7. h5 b5 8. hxg6
Bc5 9. g7 Qb6 10. d4 Bf8 11. gxh8=Q Qd8 12. Bg5 1-0

[Event "Challenge"]
[Site "http://www.queenalice.com/game.php?id=1296980"]
[Date "2014.7.24"]
[Round "-"]
[White "guime1"]
[Black "albuquerque_d"]
[Result "0-1"]
[WhiteElo "1017"]
[BlackElo "1278"]

1. a4 e6 2. b3 Nf6 3. Nc3 Bd6 4. e3 Be5 5. Nf3 Bd6 6. Bc4 Ng4 7. Bb2 Qf6 8. h4
Be5 9. d4 Bd6 10. Ne4 Qe7 11. Nxd6+ Qxd6 12. Qd2 Rg8 13. Qd3 Qb4+ 14. c3 Qe7 15.
Ba3 Qf6 16. Qxh7 Nh6 17. g4 Qxf3 18. Rg1 Qh3 19. g5 Qf5 20. Bd3 Qxh7 21. Bxh7
Rh8 22. gxh6 gxh6 23. Rg8+ Rxg8 24. Bxg8 d6 25. Ke2 Nd7 26. Rg1 Nf6 27. Rg7 Kf8
28. Rxf7+ Kxg8 29. Rxf6 Kg7 30. Rf3 e5 31. Rg3+ Kf7 32. e4 h5 33. Rg5 Bg4+ 34.
Ke1 Rg8 35. Rxg8 Kxg8 36. Kf1 Bf3 37. Ke1 exd4 38. cxd4 Bxe4 39. Kd2 Kf7 40. Ke3
d5 41. Kf4 Kg6 42. Bc1 Kf6 43. b4 a6 44. Kg3 Kf5 45. Bf4 c6 46. Bc7 Bc2 47. a5
Ke4 48. Bb6 Bd1 49. Bc5 Bg4 50. Bb6 Be2 51. Bc5 Bf3 52. Bb6 Be2 53. b5 axb5 54.
a6 b4 55. f4 c5 56. f5 c4 57. f6 c3 58. f7 c2 59. axb7 c1=Q 60. b8=Q b3 61. f8=N
b2 62. Bd8 Kxd4 63. Qd6 b1=N 64. Ne6+ Kd3 65. Qxd5+ Kc3 66. Ng7 Qh1 67. Kf4
Qxh4+ 68. Ke5 Kc2 69. Kd6 Qe1 70. Ke7 Bd1+ 71. Kf8 Nc3 72. Nxh5 Ne2 73. Ng7 Qc3
74. Ne8 Nc1 75. Qg8 Kb1 76. Nf6 Bc2 77. Qd5 Bb3 78. Ne4 Qf3+ 79. Qf7 Qxf7# 0-1

[Event "Challenge"]
[Site "http://www.queenalice.com/game.php?id=1297601"]
[Date "2014.7.27"]
[Round "-"]
[White "Phsilva"]
[Black "guime1"]
[Result "1-0"]
[WhiteElo "1240"]
[BlackElo "1027"]

1. e4 e6 2. d4 b6 3. d5 Nf6 4. Bg5 h6 5. Bxf6 gxf6 6. Nc3 Bb7 7. dxe6 fxe6 8.
Bb5 c6 9. Be2 Qe7 10. Na4 b5 11. Bh5+ Kd8 12. Nf3 Qb4+ 13. c3 Qxa4 14. Qd3 1-0

[Event "Challenge"]
[Site "http://www.queenalice.com/game.php?id=1298047"]
[Date "2014.7.29"]
[Round "-"]
[White "thechessplayer"]
[Black "guime1"]
[Result "1-0"]
[WhiteElo "1500"]
[BlackElo "1017"]

1. e4 d6 2. d4 Nf6 3. Nc3 b6 4. Bf4 e6 5. Bb5+ c6 6. Ba4 d5 7. exd5 Nxd5 8. Nxd5
exd5 9. Nf3 b5 10. Bb3 Na6 11. O-O Bd6 12. Re1+ Kd7 13. Bxd6 Kxd6 14. Ne5 Re8
15. Nxf7+ Kd7 16. Nxd8 Kxd8 17. Rxe8+ Kxe8 18. Qe2+ Kd8 19. Re1 Nc7 20. Qe7# 1-0

[Event "Challenge"]
[Site "http://www.queenalice.com/game.php?id=1298048"]
[Date "2014.7.29"]
[Round "-"]
[White "thechessplayer"]
[Black "guime1"]
[Result "1-0"]
[WhiteElo "1500"]
[BlackElo "1011"]

1. d4 d6 2. c4 g6 3. Nc3 e6 4. e4 c6 5. Nf3 Nf6 6. Bd3 Be7 7. O-O Nbd7 8. Re1 d5
9. cxd5 exd5 10. e5 Ng8 11. b3 Nb8 12. Be3 f6 13. exf6 Nxf6 14. Bg5 Rf8 15. Qd2
Na6 16. Bxf6 Rxf6 17. Qg5 Nc7 18. Qxf6 Qd6 19. Qxd6 Be6 20. Qxc7 Rc8 21. Qxb7 c5
22. Rxe6 Rd8 23. Qxe7# 1-0

[Event "Challenge"]
[Site "http://www.queenalice.com/game.php?id=1298199"]
[Date "2014.7.30"]
[Round "-"]
[White "camiloneto"]
[Black "guime1"]
[Result "1-0"]
[WhiteElo "1644"]
[BlackElo "1009"]

1. e4 Nf6 2. Nc3 c6 3. Nf3 e6 4. d4 d5 5. e5 Nfd7 6. Bg5 f6 7. Bh4 h6 8. Bd3 g5
9. Bg3 h5 10. h3 Rg8 11. Nd2 Qc7 12. Qxh5+ Kd8 13. Qf7 Rg7 14. Qxe6 Re7 15. Qf5
Qa5 16. O-O Nxe5 17. dxe5 Bxf5 18. exf6 Rf7 19. Bxf5 Rxf6 20. Bg4 Na6 21. a3 Rf7
22. Rfe1 d4 23. Nce4 Re7 24. h4 Nc5 25. hxg5 Nxe4 26. Nxe4 Qd5 27. f3 b5 28. g6
d3 29. c3 Qb3 30. Rab1 c5 31. Bh4 b4 32. Bxe7+ Kxe7 33. Nxc5+ Kd8 34. Nxb3 Rb8
35. axb4 Rb6 36. Rbd1 Rxg6 37. Rxd3+ Rd6 38. Red1 Rxd3 39. Rxd3+ Kc7 40. Nc5 Kb6
41. f4 Kb5 42. f5 Kc4 43. Be2 Kb5 44. Rd8+ 1-0

[Event "AUTO-OPEN-3299"]
[Site "http://www.queenalice.com/game.php?id=1298386"]
[Date "2014.7.31"]
[Round "1"]
[White "Constante"]
[Black "guime1"]
[Result "1-0"]
[WhiteElo "2200"]
[BlackElo "1007"]

1. e4 Nc6 2. Nf3 Nf6 3. e5 Ng8 4. d4 d6 5. Bb5 a6 6. Ba4 b5 7. Bb3 dxe5 8. d5
Na5 9. Nxe5 f6 10. Qh5+ g6 11. Nxg6 Bg4 12. Qxg4 hxg6 13. Qxg6+ Kd7 14. Nc3 Nxb3
15. axb3 b4 16. Ne4 Qb8 17. Bf4 e6 18. Qf7+ Ne7 19. Qxe6+ Kd8 20. d6 1-0

[Event "AUTO-OPEN-3299"]
[Site "http://www.queenalice.com/game.php?id=1298387"]
[Date "2014.7.31"]
[Round "1"]
[White "guime1"]
[Black "Constante"]
[Result "0-1"]
[WhiteElo "1009"]
[BlackElo "2149"]

1. d4 d5 2. g3 Bf5 3. e3 e6 4. b3 Bb4+ 5. c3 Bd6 6. Nd2 Nf6 7. f3 Nbd7 8. h4 h6
9. e4 dxe4 10. fxe4 Bxg3+ 11. Ke2 Nxe4 12. Bg2 Nxc3+ 13. Kf3 Nxd1 14. Kxg3 Nf6
15. Ne2 Qd6+ 16. Kf3 Bg4# 0-1

[Event "AUTO-OPEN-3299"]
[Site "http://www.queenalice.com/game.php?id=1298412"]
[Date "2014.7.31"]
[Round "1"]
[White "raven225"]
[Black "guime1"]
[Result "1-0"]
[WhiteElo "1828"]
[BlackElo "1011"]

1. e4 c6 2. c4 Nf6 3. Nc3 d6 4. h3 d5 5. cxd5 cxd5 6. exd5 Nxd5 7. Nxd5 Qxd5 8.
Nf3 Nc6 9. d3 Nd4 10. Nxd4 Qxd4 11. Be2 b6 12. Bf3 Rb8 13. O-O Bf5 14. Be2 e6
15. Qb3 a5 16. Be3 Qe5 17. d4 Qd5 18. Bc4 Qa8 19. Bb5+ Kd8 20. Rac1 Rg8 21. Rfd1
g5 22. d5 g4 23. h4 exd5 24. Qc3 g3 25. Qc7# 1-0

[Event "AUTO-OPEN-3299"]
[Site "http://www.queenalice.com/game.php?id=1298413"]
[Date "2014.7.31"]
[Round "1"]
[White "guime1"]
[Black "raven225"]
[Result "0-1"]
[WhiteElo "1005"]
[BlackElo "1789"]

1. d4 d5 2. Nf3 Nf6 3. Nc3 Nc6 4. e3 Bg4 5. h3 Bh5 6. g4 Bg6 7. h4 h6 8. Ne5
Nxe5 9. dxe5 Ne4 10. Nxd5 e6 11. Nf4 Qxd1+ 12. Kxd1 Nxf2+ 13. Ke1 Nxh1 14. Nxg6
fxg6 15. Bg2 Ng3 16. Kf2 Nf5 17. gxf5 gxf5 18. Bxb7 Rb8 19. Bc6+ Kf7 20. b3 Bc5
21. h5 Rb4 22. Kf3 Rd8 23. Ba3 Rb6 24. Bxc5 Rxc6 25. b4 a5 26. Ba7 axb4 27. a4
Rxc2 28. a5 Ra8 29. Bd4 b3 30. a6 c5 31. Rd1 cxd4 32. exd4 b2 33. d5 Rc1 0-1

[Event "AUTO-OPEN-3299"]
[Site "http://www.queenalice.com/game.php?id=1298428"]
[Date "2014.7.31"]
[Round "1"]
[White "TITAN10"]
[Black "guime1"]
[Result "1-0"]
[WhiteElo "1762"]
[BlackElo "1011"]

1. e4 e5 2. Nf3 d6 3. h3 Nf6 4. d3 c6 5. Bg5 Qb6 6. Qc1 d5 7. exd5 Nxd5 8. Be2
g6 9. O-O Qc7 10. c4 Nb6 11. Bf6 Rg8 12. Bxe5 Bd6 13. Bxd6 Qxd6 14. Nc3 Na6 15.
a3 Nc5 16. Qc2 Bf5 17. Rad1 Rd8 18. Rfe1 h5 19. Qc1 Rh8 20. d4 Nb3 21. Qg5 f6
22. Qe3+ Kd7 23. c5 Qf8 24. Bd3 Nd5 25. Nxd5 cxd5 26. Bxf5+ gxf5 27. Qxb3 Kc8
28. Nh4 Rh7 29. Nxf5 Rh8 30. Nd6+ Kc7 31. Qxb7# 1-0

[Event "AUTO-OPEN-3299"]
[Site "http://www.queenalice.com/game.php?id=1298429"]
[Date "2014.7.31"]
[Round "1"]
[White "guime1"]
[Black "TITAN10"]
[Result "0-1"]
[WhiteElo "1017"]
[BlackElo "1681"]

1. d4 Nf6 2. h3 e6 3. e3 c5 4. dxc5 Bxc5 5. Nf3 O-O 6. b3 Nc6 7. Nh4 d5 8. Qf3
Ne4 9. Qg4 Bb4+ 10. Ke2 f5 11. Qg3 Nxg3+ 12. fxg3 g5 13. Nf3 Bc5 14. Nc3 Nb4 15.
a3 Nxc2 16. Ra2 d4 17. exd4 Nxd4+ 18. Kd1 Nxf3+ 19. Kc2 Ne5 20. Kb1 a6 21. Na4
Bf2 22. Rxf2 Qe7 23. g4 f4 24. Re2 Nd3 25. Bd2 Qxa3 26. Nb6 Qb2# 0-1